<?xml version="1.0" encoding="UTF-8"?>
<marc:record xmlns:marc="http://www.loc.gov/MARC21/slim">
   <marc:leader>00000nam a2200000 a 4500</marc:leader>
   <marc:datafield ind1="1" ind2=" " tag="100">
      <marc:subfield code="a">Lord, Kerry</marc:subfield>
      <marc:subfield code="4">aut</marc:subfield>
      <marc:subfield code="e">Verfasser/-in</marc:subfield>
   </marc:datafield>
   <marc:datafield ind1="0" ind2="0" tag="245">
      <marc:subfield code="a">Edwards freche Tierparade</marc:subfield>
   </marc:datafield>
   <marc:datafield ind1="0" ind2="0" tag="245">
      <marc:subfield code="b">40 kuschelweiche Häkelfreunde</marc:subfield>
   </marc:datafield>
   <marc:datafield ind1="0" ind2="0" tag="245">
      <marc:subfield code="c">Kerry Lord</marc:subfield>
   </marc:datafield>
   <marc:datafield ind1=" " ind2="1" tag="264">
      <marc:subfield code="a">Stuttgart</marc:subfield>
      <marc:subfield code="b">Frechverlag</marc:subfield>
      <marc:subfield code="c">2015</marc:subfield>
   </marc:datafield>
   <marc:datafield ind1="1" ind2=" " tag="490">
      <marc:subfield code="a">TOPP</marc:subfield>
   </marc:datafield>
   <marc:datafield ind1=" " ind2=" " tag="250">
      <marc:subfield code="a">1. Aufl.</marc:subfield>
   </marc:datafield>
   <marc:datafield ind1="1" ind2=" " tag="520">
      <marc:subfield code="a">40 freche Tiere zum Nachhäkeln: Kuschelweich, zuckersüß und tierisch lieb! Emma legt besonders großen Wert auf ihre Tea-Time, Georgina liebt es, die neuesten Nagellacktrends auszuprobieren, und Hank ist ein wahrer Frauenversteher. Doch handelt es sich hier nicht etwa um Personen, sondern um eine Häsin, eine Nilpferddame und ein Schaf. Diese drei sind nämlich Teil von Edwards frecher Tierparade! Speziell für ihren Sohn Edward hat die Autorin Kerry Lord diese freche Tierparade entworfen. Die Geschichte beginnt kurz vor Edwards Geburt, als Autoin Kerry Lord zum ersten Mal eine Häkelnadel in die Hand nahm. In kürzester Zeit entdeckte sie ihre Leidenschaft für kuschelweiche Garne und sie konnte nicht mehr von der Häkelnadel ablassen  so entstand eine ganze Parade an frechen Tieren mit ganz eigenen Persönlichkeiten. 40 Kuscheltiere zum Nachhäkeln finden Sie in diesem Buch  vom Zebra über quirlige Äffchen und eine Fledermaus bis hin zum reiselustigen Esel. Mit den einfachsten Häkeltechniken zaubern Sie im Nu auch Ihren Liebsten eine ganze Herde an Tieren und Sie werden sehen, dass man sie sofort ins Herz schließen muss! (Verlagstext)</marc:subfield>
   </marc:datafield>
   <marc:datafield ind1=" " ind2=" " tag="020">
      <marc:subfield code="a">9783772463853</marc:subfield>
      <marc:subfield code="9">9783772463853</marc:subfield>
   </marc:datafield>
   <marc:datafield ind1=" " ind2=" " tag="041">
      <marc:subfield code="a">ger</marc:subfield>
   </marc:datafield>
   <marc:datafield ind1=" " ind2=" " tag="300">
      <marc:subfield code="a">127 S.</marc:subfield>
   </marc:datafield>
</marc:record>
